000
00265nam a2200109Ia 4500
008
230907s9999||||xx |||||||||||||| ||und||
082
_a
696
_b
ASH
245
0
_a
Ashrae standard 140-2017 :
260
_a
ASHRAE,
_b
Atlanta, GA :
_c
2017
300
_a
350 p.
942
_c
BK
999
_c
599504
_d
599504